000 00404nam a2200145Ia 4500
003 GCL
008 140319s9999 xx 000 0 ara d
040 _aGCL /
_cGCL
082 0 4 _a810.9
_bم ت
100 1 _aمحمد حسين هيكل
245 1 0 _aتراجم مصرية وغربية /
_cمحمد حسين هيكل
260 _a[S.N] :
_bدار المعارف ،
_c1980
300 _a340 ص
490 _a
999 _c55175
_d55175